000 00652nam a2200277Ia 4500
005 20260324132922.0
008 008 260324s9999 xx 000 0 eng d
020 _a9781003548218
037 _aEBOOK
040 _aCRL
040 _beng
040 _cCRL
041 _2eng
041 _aeng
084 _qCRL
100 _aJudith Hawley
_91191097
245 0 _aLiterature and Science, 1660-1834, Part II vol 6
260 _bTaylor and Francis
260 _c2004
365 _a
365 _b62.99
856 _uhttp://www.taylorfrancis.com/books/9781003548218
942 _cEBOOK
999 _c1789664
_d1789664